000 00586cam a2200193 a 4500
001 000018936
005 20200929165903.0
008 780109s1974 ve 000 0 spa
040 _aDO-SdBNP
_bspa
_cBNPHU
082 _axxx
_bD352d
100 1 _aDelgado Dugarte, Carlos.
_940751
245 1 0 _aDiscurso impopular a la juventud /
_cCarlos Delgado Dugarte.
260 _aCaracas, Venezuela :
_bMonte Avila Editores,
_c1974.
300 _a118 p. ;
_c22 cm.
490 1 _aTemas venezolanos
830 0 _aTemas venezolanos
_96823
910 _aCatalogación derivada / LC
049 _aBNGR
999 _c18454
_d18454